Pequeno Dicionário de Autores de Língua Portuguesa (Registo nº 870)

Detalhes MARC
000 -Etiqueta do registo
Cabeçalho 00534 m a2200205 i 4500
005 - Identificador da versão
Campo de controlo 20240813121817.0
035 ## - Other System Control Numbers
System Control Number 0000938
System Control Number 0000931
System Control Number 0000917
100 ## - Dados gerais de processamento
Dados gerais de processamento 20081126 m y0pory5003 ba
102 ## - Pais de publicação ou produção
País de publicação Quénia
101 0# - Língua de publicação
Língua do texto, banda sonora, etc. Português
Língua do documento no original Português
215 ## - Descrição física 
Indicação específica da natureza do documento e extensão da espécie 420
200 1# - Titulo e menção de responsabilidade
Título próprio Pequeno Dicionário de Autores de Língua Portuguesa
Primeira menção de responsabilidade Fernanda Frazão
Outras menções de responsabilidade Maria Filomena Boavida
210 ## - Publicação, Distribuição, etc. 
Lugar da edição, distribuição, etc. Lisboa
Nome do editor, distribuidor, etc. Amigos do Livro Editores
Data da publicação, distribuição, etc. 1983
966 ## - Identificação da Biblioteca
Sigla NUMETECA
942 ## - Elementos de entrada adicionados (Koha)
Tipo de item no Koha Livro
Exemplares
Situação do levantamento Origin of item (home branch) (coded) Biblioteca de empréstimo Código de barras Cota Circulation type (not for loan) Tipo de documento Nota do exemplar Damaged status
  Biblioteca Escolar Eng. Nuno Mergulhão Biblioteca Escolar Eng. Nuno Mergulhão BENM1572 82(038)   Livro Sem mensagem